000 00332 a2200145 4500
001 169662
020 _a
040 _cMagnum
100 _aDriscoll, Gertrude
240 1 0 _aComo estudar la conducta de los ninos
_lESP
245 1 0 _aComo estudar la conducta de los ninos
362 0 _a1899
697 _aPSICOLOGIA
942 _cBK
999 _c169662
_d169662